[Event "SV Bönen 1 - SV Unser Fritz 1"]
[Site "Verbandsklasse - Gr. 3 2019/2"]
[Date "2019.11.17"]
[Round "3.2"]
[White "Lenz, Guntram"]
[Black "Jungbluth, Michael"]
[Result "1/2-1/2"]
[WhiteElo "1915"]
[BlackElo "1999"]
[PlyCount "67"]
[EventDate "2019.??.??"]

1. d4 Nf6 2. Bf4 g6 3. Nc3 d6 4. e4 c6 5. h4 Qa5 6. Qd2 Nbd7 7. f3 b5 8. Bd3 b4
9. Nce2 c5 10. d5 Qc7 11. Bb5 Qa5 12. a4 Bb7 13. c3 bxc3 14. Qxc3 Qxc3+ 15.
Nxc3 a6 16. Bc4 Nb6 17. b3 Bg7 18. Rc1 Bc8 19. Nge2 Nxc4 20. bxc4 Rb8 21. Kd2
Rb4 22. Kd3 Bd7 23. Rb1 O-O 24. a5 Rfb8 25. Rxb4 cxb4 26. Rb1 Nh5 27. Be3 f5
28. Na2 fxe4+ 29. fxe4 b3 30. Nac3 Rb4 31. Bd2 Rb7 32. Be3 Rb4 33. Bd2 Rb7 34.
Be3 1/2-1/2

[Event "SV Bönen 1 - SV Unser Fritz 1"]
[Site "Verbandsklasse - Gr. 3 2019/2"]
[Date "2019.11.17"]
[Round "3.3"]
[White "Distelrath, Oliver"]
[Black "Fuest, Torsten"]
[Result "1/2-1/2"]
[WhiteElo "1872"]
[BlackElo "1888"]
[PlyCount "42"]
[EventDate "2019.??.??"]

1. e4 c5 2. Nc3 Nc6 3. f4 e6 4. Nf3 Nge7 5. Bb5 a6 6. Be2 d5 7. O-O g6 8. d3
Bg7 9. Qe1 Nd4 10. Bd1 b6 11. Qg3 Bb7 12. e5 Nef5 13. Qf2 h5 14. Nxd4 Nxd4 15.
Ne2 Nf5 16. Ng3 Nxg3 17. Qxg3 Bf8 18. Bf3 Qd7 19. c3 b5 20. Bd2 Be7 21. Kh1 a5
1/2-1/2

[Event "SV Bönen 1 - SV Unser Fritz 1"]
[Site "Verbandsklasse - Gr. 3 2019/2"]
[Date "2019.11.17"]
[Round "3.4"]
[White "Merz, Martin"]
[Black "Tober, Julian"]
[Result "0-1"]
[WhiteElo "1975"]
[BlackElo "1738"]
[PlyCount "60"]
[EventDate "2019.??.??"]

1. d4 Nf6 2. Bf4 c5 3. dxc5 Qa5+ 4. Qd2 Qxc5 5. Nc3 Nc6 6. e4 e5 7. Bg5 Be7 8.
f3 Nd4 9. O-O-O Ne6 10. Be3 Qa5 11. Bc4 O-O 12. Nge2 a6 13. Nd5 Qxd2+ 14. Rxd2
Nxd5 15. exd5 Bc5 16. Bxc5 Nxc5 17. b4 Na4 18. Bb3 Nb6 19. d6 a5 20. bxa5 Rxa5
21. Nc3 Rc5 22. Kb2 Nc4+ 23. Bxc4 Rxc4 24. Kb3 Rc6 25. Nb5 b6 26. Nc7 Bb7 27.
Rd5 Rxc7 28. Rxe5 Rc6 29. Rd1 Ba6 30. Rd4 Rfc8 0-1

[Event "SV Bönen 1 - SV Unser Fritz 1"]
[Site "Verbandsklasse - Gr. 3 2019/2"]
[Date "2019.11.17"]
[Round "3.5"]
[White "Gössling, Jürgen"]
[Black "Mönkemeyer, Maik"]
[Result "1/2-1/2"]
[WhiteElo "1745"]
[BlackElo "1867"]
[PlyCount "40"]
[EventDate "2019.??.??"]

1. e4 g6 2. d4 Bg7 3. c4 d6 4. Nc3 Nd7 5. Be3 e5 6. Nf3 Ngf6 7. h3 c6 8. Qd2 a6
9. Rd1 Qc7 10. dxe5 dxe5 11. Bd3 O-O 12. Bb1 b5 13. cxb5 axb5 14. b4 Re8 15.
Qc2 Qb7 16. Qb3 Nb6 17. Bxb6 Qxb6 18. O-O Be6 19. Qb2 Nh5 20. Bc2 Nf4 1/2-1/2

[Event "SV Bönen 1 - SV Unser Fritz 1"]
[Site "Verbandsklasse - Gr. 3 2019/2"]
[Date "2019.11.17"]
[Round "3.6"]
[White "Helmert, Jochen"]
[Black "Prang, Andreas"]
[Result "1-0"]
[WhiteElo "1876"]
[BlackElo "1821"]
[PlyCount "117"]
[EventDate "2019.??.??"]

1. e4 c5 2. Nf3 e6 3. g3 Nc6 4. Bg2 d6 5. O-O Nf6 6. Re1 Be7 7. d4 cxd4 8. Nxd4
O-O 9. Nc3 a6 10. Nb3 Bd7 11. a4 b6 12. h3 Qc7 13. Be3 Bc8 14. Qe2 Bb7 15. f4
Nd7 16. Qf2 Rac8 17. Rad1 Rfd8 18. Kh2 Nc5 19. Nxc5 bxc5 20. Rd2 Na5 21. b3 Bf6
22. Ne2 d5 23. exd5 exd5 24. Rdd1 d4 25. Bd2 Nc6 26. Qf3 Rb8 27. Qg4 d3 28.
cxd3 Rxd3 29. Nc1 Rdd8 30. Be3 Bd4 31. Nd3 Bxe3 32. Rxe3 Nd4 33. Ne5 Bxg2 34.
Kxg2 Qb7+ 35. Kg1 Re8 36. Rdd3 f6 37. Nd7 Rxe3 38. Rxe3 Rd8 39. Nxf6+ Kh8 40.
Ne4 Qd5 41. Qd1 Rb8 42. Ng5 h6 43. Qh5 Qd7 44. Nf7+ Kg8 45. Ne5 Qd5 46. Qd1 Re8
47. Qd3 Re6 48. Qc4 Rd6 49. Qxd5+ Rxd5 50. Kf2 Rd8 51. Rc3 Ne6 52. h4 Rd5 53.
Ke3 g5 54. hxg5 hxg5 55. Ke4 Rd6 56. Rd3 Rb6 57. Nc4 Rb4 58. Kd5 Ng7 59. Kxc5
1-0

[Event "SV Bönen 1 - SV Unser Fritz 1"]
[Site "Verbandsklasse - Gr. 3 2019/2"]
[Date "2019.11.17"]
[Round "3.7"]
[White "Koch, Till"]
[Black "Schötz, Hans-Joachim"]
[Result "1-0"]
[WhiteElo "1763"]
[BlackElo "1844"]
[PlyCount "77"]
[EventDate "2019.??.??"]

1. e4 c5 2. Nf3 d6 3. d4 cxd4 4. Nxd4 Nf6 5. Nc3 a6 6. f3 e6 7. Be3 Qc7 8. Qd2
Nbd7 9. O-O-O Nc5 10. g4 h6 11. h4 Bd7 12. Bh3 O-O-O 13. Kb1 g6 14. g5 hxg5 15.
Bxg5 Be7 16. Qe2 b5 17. a3 Ng8 18. Bg2 f6 19. Be3 Nh6 20. Rdg1 Nf7 21. f4 f5
22. Bf2 Nh6 23. exf5 gxf5 24. Bf3 Rhg8 25. Rxg8 Rxg8 26. Nd5 Qd8 27. Nxe7+ Qxe7
28. h5 d5 29. Bh4 Qd6 30. Bg5 Nf7 31. h6 Rh8 32. h7 e5 33. fxe5 Nxe5 34. Rh6
Ng6 35. Bh5 Be8 36. Nxf5 Qf8 37. Bxg6 Bxg6 38. Ne7+ Kd7 39. Nxg6 1-0

[Event "SV Bönen 1 - SV Unser Fritz 1"]
[Site "Verbandsklasse - Gr. 3 2019/2"]
[Date "2019.11.17"]
[Round "3.8"]
[White "Wegner, Stephan"]
[Black "Thiemann, Sebastian"]
[Result "1/2-1/2"]
[WhiteElo "1726"]
[BlackElo "1751"]
[PlyCount "39"]
[EventDate "2019.??.??"]

1. e4 e5 2. Bc4 c6 3. Nc3 Nf6 4. d3 d5 5. Bb3 Bb4 6. Bd2 O-O 7. Nf3 Re8 8. h3
Na6 9. O-O d4 10. Ne2 Bxd2 11. Nxd2 Nc5 12. f4 a5 13. a3 Nxb3 14. Nxb3 a4 15.
fxe5 Nxe4 16. Nbxd4 Ng3 17. Rf2 Rxe5 18. Nf3 Nxe2+ 19. Rxe2 Rf5 20. Qe1 1/2-1/2

[Event "SG Werl-Wickede 1 - Bochumer SV 2"]
[Site "Verbandsliga - Gr. 1 2019/202"]
[Date "2019.12.08"]
[Round "4.1"]
[White "Schneider, Bernd"]
[Black "Schwarzkopf, Christian"]
[Result "1-0"]
[WhiteElo "2266"]
[BlackElo "2062"]
[PlyCount "75"]
[EventDate "2019.??.??"]
[WhiteTeam "Bochumer SV 2"]
[BlackTeam "SG Werl-Wickede 1"]

1. c4 e6 2. Nc3 d5 3. d4 Be7 4. Nf3 Nf6 5. Bg5 O-O 6. e3 h6 7. Bh4 b6 8. Rc1
Bb7 9. cxd5 Nxd5 10. Bxe7 Qxe7 11. Be2 Rc8 12. O-O Nd7 13. Nxd5 exd5 14. Qa4 a6
15. b4 c6 16. Rc2 b5 17. Qa5 Qd8 18. Rfc1 Nb6 19. Nd2 Nc4 20. Qxd8+ Rxd8 21.
Nb3 Bc8 22. a4 g5 23. Ra2 Rd6 24. h3 Kg7 25. Rca1 Ra7 26. Nc5 f5 27. Nd3 Nb6
28. axb5 cxb5 29. g4 Nc4 30. Nc5 f4 31. exf4 gxf4 32. Kg2 Re7 33. Bf3 Ra7 34.
Re1 Kf7 35. Nd3 Re7 36. Rxe7+ Kxe7 37. Nxf4 Bb7 38. Kg3 1-0

[Event "SG Werl-Wickede 1 - Bochumer SV 2"]
[Site "Verbandsliga - Gr. 1 2019/202"]
[Date "2019.12.08"]
[Round "4.2"]
[White "Stolle, Dietmar"]
[Black "Heinbuch, Detlef Ulrich"]
[Result "0-1"]
[WhiteElo "2016"]
[BlackElo "2222"]
[PlyCount "70"]
[EventDate "2019.??.??"]
[WhiteTeam "SG Werl-Wickede 1"]
[BlackTeam "Bochumer SV 2"]

1. c4 c5 2. Nf3 b6 3. g3 Bb7 4. Bg2 Nf6 5. O-O e6 6. Nc3 a6 7. Re1 Qc7 8. e4 d6
9. b3 Be7 10. Bb2 O-O 11. d4 cxd4 12. Nxd4 Nbd7 13. Rc1 Rac8 14. Kh1 Qb8 15. f4
Rfe8 16. Nc2 Ba8 17. g4 g6 18. Bf3 Nf8 19. Qe2 N6d7 20. Ne3 Bc6 21. g5 e5 22.
Ncd5 exf4 23. Nxe7+ Rxe7 24. Nd5 Bxd5 25. cxd5 Ne5 26. Bxe5 Rxe5 27. Qxa6 Rce8
28. Rc6 Qd8 29. Qxb6 Qxg5 30. Rg1 Qe7 31. Rxd6 Rxe4 32. Rc6 Re2 33. d6 Rxh2+
34. Kxh2 Qh4+ 35. Kg2 Qg3+ 0-1

[Event "SG Werl-Wickede 1 - Bochumer SV 2"]
[Site "Verbandsliga - Gr. 1 2019/202"]
[Date "2019.12.08"]
[Round "4.3"]
[White "Wolter, Detlev"]
[Black "Beulertz, Stefan"]
[Result "1-0"]
[WhiteElo "2182"]
[BlackElo "2056"]
[PlyCount "80"]
[EventDate "2019.??.??"]
[WhiteTeam "Bochumer SV 2"]
[BlackTeam "SG Werl-Wickede 1"]

1. d4 e6 2. Nc3 d5 3. Bf4 c5 4. e3 a6 5. Nf3 Nf6 6. dxc5 Bxc5 7. Bd3 Nc6 8. O-O
O-O 9. a3 Re8 10. Bg5 Be7 11. h3 Qc7 12. e4 dxe4 13. Nxe4 Nxe4 14. Bxe4 h6 15.
Bxe7 Nxe7 16. Qe2 Bd7 17. Ne5 Bc6 18. Nxc6 Nxc6 19. Rad1 Rac8 20. c3 Red8 21.
Qc4 Rd6 22. Bc2 Rcd8 23. Qe4 g6 24. Qf4 Kg7 25. h4 e5 26. Qf3 f5 27. h5 Rxd1
28. Rxd1 e4 29. Qe2 g5 30. Qc4 Rxd1+ 31. Bxd1 Qf7 32. Qc5 Qe6 33. Qb6 Qd7 34.
Ba4 Kf6 35. Qc5 Qe7 36. Qd5 Qe6 37. Bxc6 bxc6 38. Qd8+ Kg7 39. Qc7+ Qf7 40.
Qe5+ Qf6 1-0

[Event "SG Werl-Wickede 1 - Bochumer SV 2"]
[Site "Verbandsliga - Gr. 1 2019/202"]
[Date "2019.12.08"]
[Round "4.4"]
[White "Lampe, Thomas"]
[Black "Kraemer, Matthias"]
[Result "0-1"]
[WhiteElo "1919"]
[BlackElo "2189"]
[PlyCount "80"]
[EventDate "2019.??.??"]
[WhiteTeam "SG Werl-Wickede 1"]
[BlackTeam "Bochumer SV 2"]

1. e4 c5 2. b4 cxb4 3. a3 e5 4. Nf3 Nc6 5. Bc4 Nf6 6. Ng5 d5 7. exd5 b5 8. Ba2
Nd4 9. O-O h6 10. c3 b3 11. Re1 bxa2 12. Rxe5+ Be7 13. Rxa2 hxg5 14. cxd4 Kf8
15. Rxg5 Qc7 16. h3 Bb7 17. Nc3 Rd8 18. Nxb5 Qb6 19. d6 Bxd6 20. Nxd6 Qxd6 21.
a4 Kg8 22. Bb2 Rh6 23. Ra3 Ne4 24. Re5 f6 25. Rf5 Rg6 26. g4 Bc8 27. Rh5 Rg5
28. Rxg5 Nxg5 29. Re3 Bb7 30. h4 Ne6 31. Qb3 Bd5 32. Qc2 Rb8 33. a5 Qb4 34. Qf5
Qd6 35. Bc3 Nf4 36. g5 g6 37. Qc2 Qd7 38. Qd1 Qf5 39. d3 Nh3+ 40. Kh2 Qxf2+ 0-1

[Event "SG Werl-Wickede 1 - Bochumer SV 2"]
[Site "Verbandsliga - Gr. 1 2019/202"]
[Date "2019.12.08"]
[Round "4.5"]
[White "Spiess, Timo-Christian"]
[Black "Scheibe, Andreas"]
[Result "1/2-1/2"]
[WhiteElo "2087"]
[BlackElo "1799"]
[PlyCount "45"]
[EventDate "2019.??.??"]
[WhiteTeam "Bochumer SV 2"]
[BlackTeam "SG Werl-Wickede 1"]

1. e4 c5 2. Nf3 d6 3. c3 Nf6 4. Be2 Nbd7 5. d3 e6 6. O-O b6 7. Nbd2 Bb7 8. Re1
Qc7 9. Bf1 Be7 10. d4 O-O 11. Bd3 e5 12. d5 a6 13. a4 g6 14. c4 Nh5 15. Nb1
Ndf6 16. Nc3 Bc8 17. g3 Bg4 18. Be2 Ng7 19. Nd2 Bxe2 20. Qxe2 Nfh5 21. a5 f5
22. f3 Rf7 23. Rf1 1/2-1/2

[Event "SG Werl-Wickede 1 - Bochumer SV 2"]
[Site "Verbandsliga - Gr. 1 2019/202"]
[Date "2019.12.08"]
[Round "4.6"]
[White "Brunberg, Ingo"]
[Black "Hinkmann, Jens"]
[Result "1/2-1/2"]
[WhiteElo "1774"]
[BlackElo "1986"]
[PlyCount "68"]
[EventDate "2019.??.??"]
[WhiteTeam "SG Werl-Wickede 1"]
[BlackTeam "Bochumer SV 2"]

1. e4 e5 2. Nf3 Nc6 3. Bb5 a6 4. Bxc6 dxc6 5. d4 exd4 6. Qxd4 Qxd4 7. Nxd4 Bd7
8. Nc3 O-O-O 9. Be3 Bb4 10. O-O-O Bxc3 11. bxc3 Ne7 12. Nb3 b6 13. Bg5 f6 14.
Bf4 c5 15. h4 h6 16. h5 Nc6 17. f3 a5 18. Kb1 Be6 19. Nc1 Bf7 20. g4 Bc4 21.
Rde1 Rhe8 22. Rh2 Rd7 23. Nb3 Ba6 24. Nd2 Red8 25. Kc1 Re8 26. Rf2 Rf7 27. Rd1
a4 28. Kb2 Rd7 29. Re1 Na5 30. Kc1 Kb7 31. Rd1 Nc4 32. Nxc4 Rxd1+ 33. Kxd1 Bxc4
34. a3 Kc6 1/2-1/2

[Event "SG Werl-Wickede 1 - Bochumer SV 2"]
[Site "Verbandsliga - Gr. 1 2019/202"]
[Date "2019.12.08"]
[Round "4.7"]
[White "Niekrens, Stefan"]
[Black "Mueller, Andreas"]
[Result "1-0"]
[WhiteElo "2011"]
[BlackElo "1731"]
[PlyCount "69"]
[EventDate "2019.??.??"]
[WhiteTeam "Bochumer SV 2"]
[BlackTeam "SG Werl-Wickede 1"]

1. e4 e5 2. Nf3 Nc6 3. Nc3 Bc5 4. Nxe5 Bxf2+ 5. Kxf2 Nxe5 6. d4 Ng6 7. Qf3 N8e7
8. Bc4 O-O 9. h4 Nc6 10. Be3 Na5 11. Bd3 d6 12. h5 Nh4 13. Qf4 f5 14. e5 dxe5
15. dxe5 Nxg2 16. Kxg2 Be6 17. Rad1 Qe8 18. Kf2 Nc6 19. Rdg1 Kh8 20. Qg3 Qf7
21. h6 g6 22. Rh4 Ne7 23. Bg5 a6 24. Bf6+ Kg8 25. Qg5 Rfe8 26. Qg2 Nd5 27. Nxd5
Bxd5 28. Qxd5 Qxd5 29. Bc4 Qxc4 30. Rxc4 c5 31. Rxc5 Rac8 32. Rxc8 Rxc8 33. c3
Kf7 34. Rd1 Ke8 35. e6 1-0

[Event "SG Werl-Wickede 1 - Bochumer SV 2"]
[Site "Verbandsliga - Gr. 1 2019/202"]
[Date "2019.12.08"]
[Round "4.8"]
[White "Krahn, Reinhard"]
[Black "Goralski, Christian"]
[Result "0-1"]
[WhiteElo "1752"]
[BlackElo "1941"]
[Annotator "Daniel"]
[PlyCount "130"]
[EventDate "2019.??.??"]
[WhiteTeam "SG Werl-Wickede 1"]
[BlackTeam "Bochumer SV 2"]

1. e4 d5 2. exd5 Nf6 3. Nc3 Nxd5 4. Nxd5 Qxd5 5. Qf3 Qxf3 6. Nxf3 Bg4 7. Ne5
Bf5 8. Bc4 e6 9. d3 Bd6 10. f4 h5 11. Bb5+ c6 12. Ba4 a5 13. a3 b5 14. Bb3 a4
15. Ba2 h4 16. Nf3 c5 17. Be3 Nd7 18. O-O Be7 19. Rad1 $11 Rd8 20. c3 Nb6 21.
d4 c4 22. Bb1 Nd5 23. Bd2 Bg4 24. Rde1 g6 25. Ne5 Bf5 26. Be4 Rd6 27. Rf2 Bxe4
28. Rxe4 Kf8 29. Re1 Kg7 30. Rfe2 Rh5 31. Nf3 Bf6 32. Re4 Ne7 33. Kf2 Nf5 34.
R1e2 Nh6 35. Kg1 Rhd5 36. Ne5 Nf5 37. Nf3 Bd8 38. Re5 Bf6 39. R5e4 Rd8 40. Kf2
Nd6 41. R4e3 Nb7 42. Be1 Na5 43. Ne5 $11 Nb3 44. Re4 Rh8 45. Kf3 Be7 46. R4e3
Bd6 47. g3 hxg3 48. Bxg3 Bxe5 49. fxe5 Nc1 50. Rg2 Rh5 51. Rd2 Rf5+ 52. Kg2 Nd3
53. Rf3 g5 54. h4 g4 55. Rf1 Kg6 56. Re2 Rd8 57. Rd1 Rf3 58. Rdd2 Rh8 59. Re4
Kf5 60. Rde2 Rh5 61. Rxg4 Kxg4 62. Re4+ Nf4+ 63. Bxf4 Rxf4 64. Rxf4+ Kxf4 65.
Kh3 Kf3 0-1

[Event "SV Eichlinghofen 1 - SV Waltrop 1"]
[Site "Verbandsliga - Gr. 1 2019/202"]
[Date "2019.12.08"]
[Round "4.1"]
[White "Eckert, Marius"]
[Black "Watzlawek, Markus"]
[Result "1-0"]
[WhiteElo "2134"]
[BlackElo "2088"]
[PlyCount "49"]
[EventDate "2019.??.??"]
[WhiteTeam "SV Waltrop 1"]
[BlackTeam "SV Eichlinghofen 1"]

1. d4 f5 2. Bf4 Nf6 3. e3 g6 4. h4 h6 5. Qf3 d6 6. Qg3 Rg8 7. Nc3 e6 8. O-O-O
Nc6 9. Bc4 Qe7 10. Nf3 Bd7 11. d5 Na5 12. dxe6 Bxe6 13. Bxe6 Qxe6 14. Nd4 Qf7
15. Qh3 O-O-O 16. Nxf5 gxf5 17. Qxf5+ Kb8 18. Qxa5 Rxg2 19. Qf5 Bg7 20. Bg3 Qd7
21. Qf3 Qc6 22. e4 Rxg3 23. Qxg3 Rd7 24. Rhg1 Nxe4 25. Nxe4 1-0

[Event "SV Eichlinghofen 1 - SV Waltrop 1"]
[Site "Verbandsliga - Gr. 1 2019/202"]
[Date "2019.12.08"]
[Round "4.3"]
[White "Winterberg, Andreas"]
[Black "Brockmann, Michael"]
[Result "0-1"]
[WhiteElo "2001"]
[BlackElo "2014"]
[PlyCount "114"]
[EventDate "2019.??.??"]
[WhiteTeam "SV Waltrop 1"]
[BlackTeam "SV Eichlinghofen 1"]

1. e4 c5 2. Nf3 Nc6 3. d4 cxd4 4. Nxd4 Nf6 5. Nc3 d6 6. g3 Bg4 7. f3 Bd7 8. Bg2
g6 9. Nxc6 bxc6 10. Be3 Bg7 11. O-O O-O 12. h3 Qa5 13. Kh2 Rfb8 14. Rb1 Rb7 15.
f4 Qh5 16. Qxh5 Nxh5 17. g4 Nf6 18. Bd2 Ne8 19. Ne2 Bxb2 20. Nd4 Rab8 21. Nb3
Bg7 22. Rbe1 e5 23. f5 h6 24. Rf3 g5 25. Rd3 Bf8 26. c4 Nf6 27. Bf3 Re8 28. h4
Nh7 29. Rd1 gxh4 30. Be1 Ng5 31. Bh1 h3 32. c5 d5 33. exd5 e4 34. Re3 cxd5 35.
Rxd5 Bc6 36. Rd1 Rb5 37. Rc1 Bg7 38. Bc3 Bxc3 39. Rcxc3 Rd8 40. Re2 Rd1 41.
Rce3 Kg7 42. Re1 Rd8 43. Kg3 Kf6 44. R1e2 Rd1 45. Re1 Rxe1 46. Rxe1 a5 47. Rc1
Ke5 48. Nd2 a4 49. Nb1 Kd4 50. Nc3 Rxc5 51. Ne2+ Kd5 52. Nf4+ Kd6 53. Rd1+ Ke5
54. Ne2 Bb5 55. Nc1 Rc3+ 56. Kh2 Kf4 57. Re1 Rc2+ 0-1

[Event "SV Eichlinghofen 1 - SV Waltrop 1"]
[Site "Verbandsliga - Gr. 1 2019/202"]
[Date "2019.12.08"]
[Round "4.4"]
[White "Dreier, Daniel"]
[Black "Breidenbach, Rolf"]
[Result "1/2-1/2"]
[WhiteElo "1873"]
[BlackElo "1921"]
[PlyCount "115"]
[EventDate "2019.??.??"]
[WhiteTeam "SV Eichlinghofen 1"]
[BlackTeam "SV Waltrop 1"]

1. d4 g6 2. Nf3 Bg7 3. g3 b6 4. Bg2 Bb7 5. O-O d6 6. c4 Nd7 7. Nc3 e6 8. e4 Ne7
9. Be3 O-O 10. Qd2 Nf6 11. d5 e5 12. h3 Ba6 13. b3 Bc8 14. Bh6 Bd7 15. b4 a5
16. Bxg7 Kxg7 17. a3 Nh5 18. c5 h6 19. Ne2 Kh7 20. g4 Ng7 21. Ng3 f6 22. Rfc1
axb4 23. axb4 Rxa1 24. Rxa1 Qc8 25. Qc2 Qb8 26. Nd2 h5 27. gxh5 Nxh5 28. Nxh5
gxh5 29. cxd6 cxd6 30. Qd1 Kh6 31. Nf1 Ng6 32. Kh2 Nf4 33. Ng3 Rg8 34. h4 Rg4
35. Bf3 Rxh4+ 36. Kg1 Qg8 37. Ra7 Bb5 38. Qc1 Rh3 39. Bg2 Rxg3 40. fxg3 Qxg3
41. Ra2 h4 42. Kh1 Bd7 43. Qa3 Qe1+ 44. Kh2 h3 45. Bh1 Bg4 46. Qg3 Qxg3+ 47.
Kxg3 Kg5 48. Ra6 Nh5+ 49. Kh2 Kf4 50. Rxb6 Ng3 51. Rxd6 Nxh1 52. Kxh1 Kxe4 53.
b5 Kd4 54. b6 Bc8 55. Rd8 Bb7 56. Kh2 Kc5 57. Kxh3 Kxb6 58. Rd6+ 1/2-1/2

[Event "SV Eichlinghofen 1 - SV Waltrop 1"]
[Site "Verbandsliga - Gr. 1 2019/202"]
[Date "2019.12.08"]
[Round "4.5"]
[White "Drewes, Martin"]
[Black "Gitschel, Ralf"]
[Result "1-0"]
[WhiteElo "1920"]
[BlackElo "1881"]
[PlyCount "63"]
[EventDate "2019.??.??"]
[WhiteTeam "SV Waltrop 1"]
[BlackTeam "SV Eichlinghofen 1"]

1. e4 c5 2. c3 Nf6 3. e5 Nd5 4. d4 cxd4 5. Nf3 e6 6. cxd4 Nc6 7. Bc4 Bb4+ 8.
Bd2 Qa5 9. O-O Nb6 10. Bb3 Qa6 11. a3 Be7 12. Nc3 d5 13. exd6 Bxd6 14. d5 Nxd5
15. Nxd5 exd5 16. Re1+ Ne7 17. Bg5 f6 18. Qxd5 Rf8 19. Bc4 Qb6 20. Bh4 Bg4 21.
Rxe7+ Kxe7 22. Qe4+ Kd8 23. Qxg4 Qxb2 24. Rd1 Kc7 25. Qxg7+ Kc6 26. Bd5+ Kc5
27. Qg4 Rad8 28. Qc4+ Kb6 29. Qd3 Rc8 30. Bc4 Qxa3 31. Rb1+ Ka5 32. Rb5+ 1-0

[Event "SV Eichlinghofen 1 - SV Waltrop 1"]
[Site "Verbandsliga - Gr. 1 2019/202"]
[Date "2019.12.08"]
[Round "4.6"]
[White "Dekhtyaryuk, Dimitri"]
[Black "Atali, Dogukan"]
[Result "1/2-1/2"]
[WhiteElo "1817"]
[BlackElo "1856"]
[PlyCount "66"]
[EventDate "2019.??.??"]
[WhiteTeam "SV Eichlinghofen 1"]
[BlackTeam "SV Waltrop 1"]

1. d4 Nf6 2. Nf3 d5 3. Bg5 Bf5 4. e3 e6 5. Bd3 Bxd3 6. Qxd3 Nbd7 7. O-O c5 8.
c3 Qb6 9. Nbd2 Be7 10. Rab1 O-O 11. Ne5 Rfe8 12. f4 Nxe5 13. fxe5 Nd7 14. Nf3
c4 15. Qd2 f6 16. exf6 Bxf6 17. b3 cxb3 18. axb3 Qc6 19. c4 dxc4 20. bxc4 Qxc4
21. Rxb7 Qc6 22. Rbb1 Qd5 23. Bf4 e5 24. Bg3 exd4 25. exd4 Re4 26. Rfd1 Rae8
27. Ra1 Re2 28. Qb4 R8e3 29. Bf2 Rb3 30. Qa4 Nf8 31. Qxa7 Rxf3 32. gxf3 Qxf3
33. Rf1 Qg4+ 1/2-1/2

[Event "SV Eichlinghofen 1 - SV Waltrop 1"]
[Site "Verbandsliga - Gr. 1 2019/202"]
[Date "2019.12.08"]
[Round "4.7"]
[White "Sehrbrock, Christoph"]
[Black "Witthaus, Martin"]
[Result "1/2-1/2"]
[WhiteElo "1811"]
[BlackElo "1751"]
[PlyCount "24"]
[EventDate "2019.??.??"]
[WhiteTeam "SV Waltrop 1"]
[BlackTeam "SV Eichlinghofen 1"]

1. e4 c6 2. d4 d5 3. e5 Bf5 4. Nf3 e6 5. Be2 Nd7 6. O-O c5 7. c4 Ne7 8. dxc5
dxc4 9. Bxc4 Nc6 10. Qe2 Qc7 11. Re1 Bxc5 12. Nc3 a6 1/2-1/2

[Event "SV Eichlinghofen 1 - SV Waltrop 1"]
[Site "Verbandsliga - Gr. 1 2019/202"]
[Date "2019.12.08"]
[Round "4.8"]
[White "Nalliboyana, Sivaram"]
[Black "Schmidt, Sebastian"]
[Result "0-1"]
[WhiteElo "1771"]
[BlackElo "1687"]
[Annotator "Daniel"]
[PlyCount "106"]
[EventDate "2019.??.??"]
[WhiteTeam "SV Eichlinghofen 1"]
[BlackTeam "SV Waltrop 1"]

1. e4 c5 2. Nc3 a6 3. f4 b5 4. Nf3 Bb7 5. d3 e6 6. a4 b4 7. Ne2 d5 8. e5 d4 9.
Ng3 h5 10. h4 Be7 11. Ng5 g6 12. Qe2 Bd5 13. N3e4 Nh6 14. g3 Ra7 15. Bg2 Nc6
16. Bd2 Rc7 17. b3 Nf5 18. Kf2 $11 Na7 19. Rac1 Bb7 20. Rce1 Nc8 21. g4 hxg4
22. Qxg4 Ng7 23. Rhg1 Rf8 24. Kf1 Nb6 25. Nh7 Bxe4 26. Bxe4 Rg8 27. Bxg6 Bxh4
28. Nf6+ Bxf6 29. exf6 Qxf6 30. Bh7 Rh8 31. Qxg7 Qxg7 32. Rxg7 Kf8 33. Rg8+
Rxg8 34. Bxg8 Kxg8 35. f5 Rc6 36. fxe6 fxe6 37. Kf2 Kf7 38. Kf3 Rd6 39. Re5 Rd5
40. Ke4 Rxe5+ 41. Kxe5 Ke7 42. Bg5+ Kd7 43. Bh6 Nd5 44. Bc1 Ne3 45. Bb2 Nxc2
46. Ke4 Kd6 47. Kf3 e5 48. Ke4 Ke6 49. Kf3 Kd5 50. Ke2 Ne3 51. Bc1 Nf5 52. Kf3
Nd6 53. Bd2 Nb7 0-1

[Event "SG Gladbeck 1 - SV Erkenschwick 2"]
[Site "Verbandsliga - Gr. 1 2019/202"]
[Date "2019.12.08"]
[Round "4.1"]
[White "Trzaska, Peter"]
[Black "Mancic, Ivan"]
[Result "1/2-1/2"]
[WhiteElo "2072"]
[BlackElo "2159"]
[PlyCount "27"]
[EventDate "2019.??.??"]
[WhiteTeam "SV Erkenschwick 2"]
[BlackTeam "SG Gladbeck 1"]

1. e4 c5 2. c3 d5 3. exd5 Qxd5 4. d4 cxd4 5. cxd4 Nc6 6. Nf3 Bg4 7. Nc3 Bxf3 8.
gxf3 Qxd4 9. Qxd4 Nxd4 10. Nb5 e5 11. Nc7+ Kd7 12. Nxa8 Bb4+ 13. Kd1 Ne7 14.
Be3 1/2-1/2

[Event "SG Gladbeck 1 - SV Erkenschwick 2"]
[Site "Verbandsliga - Gr. 1 2019/202"]
[Date "2019.12.08"]
[Round "4.2"]
[White "Frohne, Gerd"]
[Black "Jungbluth, Rolf"]
[Result "1-0"]
[WhiteElo "2033"]
[BlackElo "1983"]
[PlyCount "73"]
[EventDate "2019.??.??"]
[WhiteTeam "SG Gladbeck 1"]
[BlackTeam "SV Erkenschwick 2"]

1. d4 d5 2. c4 e6 3. Nc3 Nf6 4. cxd5 exd5 5. Bg5 Be7 6. e3 O-O 7. Bd3 c6 8. Qc2
Nbd7 9. Nge2 Re8 10. O-O Nf8 11. f3 h6 12. Bh4 N6d7 13. Bf2 Nb6 14. Rad1 Be6
15. Nf4 Bd6 16. Nxe6 Nxe6 17. e4 Nf4 18. e5 Bf8 19. Bh7+ Kh8 20. Bg3 Ne6 21.
Bf5 Nxd4 22. Rxd4 Bc5 23. Bf2 Bxd4 24. Bxd4 Qe7 25. f4 Qb4 26. Qf2 Kg8 27. a3
Qb3 28. Bc2 Qc4 29. b3 Qa6 30. Qg3 c5 31. Bxc5 Nd7 32. Bd4 Nf8 33. f5 g6 34.
fxg6 fxg6 35. Rf6 Re6 36. Bxg6 Rxf6 37. exf6 1-0

[Event "SG Gladbeck 1 - SV Erkenschwick 2"]
[Site "Verbandsliga - Gr. 1 2019/202"]
[Date "2019.12.08"]
[Round "4.3"]
[White "Broksch, Dirk"]
[Black "Berg, Dietmar"]
[Result "1/2-1/2"]
[WhiteElo "1856"]
[BlackElo "1949"]
[PlyCount "31"]
[EventDate "2019.??.??"]
[WhiteTeam "SV Erkenschwick 2"]
[BlackTeam "SG Gladbeck 1"]

1. e4 c5 2. Nf3 d6 3. d4 cxd4 4. Nxd4 Nf6 5. Nc3 a6 6. Be3 Ng4 7. Qd2 Nxe3 8.
Qxe3 e6 9. Bd3 Be7 10. O-O O-O 11. Nb3 Nd7 12. f4 b5 13. Rad1 Nb6 14. Qe2 Qc7
15. Rb1 Bb7 16. Na5 1/2-1/2

[Event "SG Gladbeck 1 - SV Erkenschwick 2"]
[Site "Verbandsliga - Gr. 1 2019/202"]
[Date "2019.12.08"]
[Round "4.4"]
[White "Rickert, Stefan"]
[Black "Schulze Bisping, Franz-Adolf"]
[Result "0-1"]
[WhiteElo "1939"]
[BlackElo "1931"]
[PlyCount "136"]
[EventDate "2019.??.??"]
[WhiteTeam "SG Gladbeck 1"]
[BlackTeam "SV Erkenschwick 2"]

1. e4 e6 2. d4 d5 3. exd5 exd5 4. Bd3 Nc6 5. c3 Nf6 6. Nf3 Bg4 7. O-O Be7 8. h3
Bh5 9. Re1 O-O 10. Nbd2 Re8 11. Nf1 Bg6 12. Ne3 Bf8 13. b3 Bxd3 14. Qxd3 Qd7
15. Bb2 a6 16. a4 Rad8 17. b4 g6 18. b5 Nb8 19. Ne5 Qc8 20. c4 axb5 21. cxb5 b6
22. Rac1 Bd6 23. Red1 Qe6 24. Qb3 Nbd7 25. Nc6 Ra8 26. Nb4 Bxb4 27. Qxb4 Ra7
28. Rc6 Qe4 29. Rdc1 Rea8 30. Rxc7 Rxa4 31. Qd6 Ra2 32. R1c2 Kg7 33. Rxd7 Nxd7
34. Qxd7 Rxb2 35. Rxb2 Ra1+ 36. Kh2 Qf4+ 37. g3 Qf3 38. Ng2 h5 39. Qe7 Qd1 40.
Qe5+ Kh7 41. g4 h4 42. Ne1 Qxe1 43. Qxe1 Rxe1 44. Kg2 Rd1 45. Rb4 Rd3 46. g5
Kg7 47. Ra4 Rb3 48. Ra7 Kf8 49. Rb7 Rxb5 50. Kf3 Rb4 51. Rb8+ Ke7 52. Rb7+ Ke6
53. Rb8 Kf5 54. Rb7 Kxg5 55. Rxf7 Rxd4 56. Rb7 Rd3+ 57. Kg2 Rb3 58. Rd7 Rb5 59.
Rf7 Rb4 60. Rd7 d4 61. Rd5+ Kf4 62. Rd6 g5 63. Rf6+ Ke5 64. Rg6 d3 65. Rxg5+
Kd4 66. Kf3 Kc3 67. Rg1 d2 68. Ke3 Kc2 0-1